| 000 | 00486nam a2200193Ia 4500 | ||
|---|---|---|---|
| 005 | 20250603145719.0 | ||
| 008 | 250603s9999 xx 000 0 und d | ||
| 020 | _a0340759887 | ||
| 050 | _aRA 445 .L83/ | ||
| 100 | _a Lucas, Adetokunbo O. | ||
| 245 | 0 | _aShort textbook of public health medicine for the tropics | |
| 250 | _a4th ed. | ||
| 260 | _aNew York | ||
| 260 | _bOxford University Press, | ||
| 260 | _c2003. | ||
| 300 | _a389 p | ||
| 650 | _aNew York | ||
| 942 | _cBK | ||
| 999 |
_c42637 _d42637 |
||